000 01277nam a22003617a 4500
003 CHAP
005 20220329140237.0
008 971013s1976 r 00010 d
010 _a49144
011 _a50116
035 _a54266
040 _cCHAP
090 _aTesis
100 0 0 _aRivera Peña, Antonio.
_997716
245 _aEstudio de herencia de la resistencia a la escaldadura Rhynchosporium secalis (Oud.) Davis en cebada (Hordeum vulgare)
260 _aChapingo, Méx. :
_bEl autor,
_c1976
300 _a68 h.
502 _aTesis (M. C. Esp. en Genética) -- ENA. Colegio de Postgraduados. Rama de Genética
590 _aALEPH
_b10
_c20130110
_lUCH01
_h1321
590 _aBATCH-UPD
_b10
_c20130110
_lUCH01
_h0713
590 _aBATCH-UPD
_b10
_c20130410
_lUCH01
_h0358
590 _aBATCH-UPD
_b10
_c20130914
_lUCH01
_h0903
590 _aCONVERSION
_b10
_c20130109
_lUCH01
_h1327
650 1 4 _aCebada
_xEnfermedades.
_920674
650 1 4 _aCebada
_xGenética.
_920681
650 1 4 _aCebada
_xVariedades resistentes a enfermedades.
_920716
650 1 4 _aRhynchosporium secalis.
_997171
901 _aBK
942 _cFOLL
949 _bBC
_cTES
_d-119825
_eTS1
_i54266
_si
949 _bBC
_cTES
_d-119826
_eTS2
_fc.2
_i54266
_si
949 _bBC
_cTES
_d-119827
_eTS2
_fc.3
_i54266
_si
999 _c49144
_d49144